000 01023naa a2200253 4500
005 20090526151432.0
008 080822t xxu||||| |||| 00| 0 eng d
010 _aENG-93737
020 _a9788131305652
_c695.00
035 _aEN-77270
037 _bDBAD / PUB
040 _adpl
_bEnglish
082 _a338.954
100 _aDeshpande, P.P.
245 _aIndian economy:
_cby P.P. Deshpande
_btransition from underdeveloment to a developing economy /
260 _aNew Delhi
_bAPH Publishing Corporatioon
_c2009
270 _a4435-36/7, Ansari Road, Darya Ganj
_bNew Delhi
_e110 002
_maphbooks@vsnl.net
_k011 23274050
300 _axxii, 226p.
_b22cm(Hb)
500 _aIncludes index
651 _aIndia
_xEconomic conditions
_y1947-
651 _aIndia
_xEconomic policy
_y1991-
942 _adpl
_cEN
_2ddc
_mDES
_h338.954
999 _c26825
_d26825